000
00400nam a22001577a 4500
003
MPLRDC
005
20220104124331.0
008
210129b ||||| |||| 00| 0 eng d
082
_a
868.71 BCND
100
_a
槟城南大校友会编辑
245
_a
大马华文文艺创作比赛专辑
_c
260
_a
_b
槟城南大校友会
_c
1980
300
_b
平
650
_a
942
_c
BK
_o
868.71 BCND
999
_c
18502
_d
18492